Egypt

Saved in:

Format: Book

Language: Undetermined

Published: Cairo The Egyptian State Tourist Department 1954

Tags: Add Tag

No Tags, Be the first to tag this record!

Call Number: (P)DT43 .E35 1954

LEADER 00288nam a2200109Ia 4500
008 240503s9999||||xx |||||||||||||| ||und||
050 4 |a (P)DT43 .E35 1954 
245 1 0 |a Egypt 
264 1 |a Cairo  |b The Egyptian State Tourist Department  |c 1954 
300 |a Not definted  |c 21 
942 |2 lcc  |c PT 
999 |c 58250  |d 58250